| 000 | 00655nam a2200205Ii 4500 | ||
|---|---|---|---|
| 003 | JO-AjNU | ||
| 008 | 230605s9999||||xx |||||||||||||| ||und|| | ||
| 017 | _a2012/11/4153 | ||
| 040 |
_aJO-AjNU _bara _erda _cJO-AjNU |
||
| 041 | _aara | ||
| 050 | 1 | 4 | _aPJ7802.B2.Z89 2012 |
| 100 | 3 |
_aتأليف الزيودي، حبيب, _eauthor _948326 |
|
| 245 | 0 | 0 | _aمنازل أهلي |
| 264 | 3 | 1 | _aعمان:وزارة الثقافة،2012 |
| 300 | _a116ص | ||
| 336 |
_atext _btxt _2rdacontent |
||
| 337 |
_aunmediated _bn _2rdamedia |
||
| 338 |
_avolume _bnc _2rdacarrier |
||
| 650 | 4 |
_a الشعر العربي - الأردن - القرن العشرين _948327 |
|
| 999 |
_aA21156 _c24724 _d24724 |
||